000 00728nam a2200229Ia 4500
003 GCL
008 140319s9999 xx 000 0 ara d
040 _aGCL /
_cGCL
082 0 4 _a616.89
_bع ا
100 1 _aعطوف محمود ياسين
245 1 0 _aاسس الطب النفسى الحديث /
_cعطوف محمود ياسين
260 _a[S.N] :
_bمنشورات بحوث الثقافة ،
_c1988
300 _a529 ص
490 _a
650 0 4 _aالعلاج النفسى
650 0 4 _aالصحة العقلية
650 0 4 _aالطب النفسى
650 0 4 _aالامراض النفسية
650 0 4 _aاضطرابات الشخصية
650 0 4 _aالطب النفسى الشرعى
942 _2ddc
_cBK
999 _c55191
_d55191